000 00413nam a2200133 4500
008 171012b xxu||||| |||| 00| 0 eng d
020 _a0873921968
082 _21991
_aDRef 031
_bN42
245 _aNew standard encyclopedia.
260 _aChicago:
_bStandard Educational Corporation,
_cc1991.
300 _a20 volumes:
_billustrations;
_c24 cm.
650 0 _923009
_aEncyclopedias and dictionaries.
942 _2ddc
_cDREF
999 _c7615
_d7615